000 00684nam a2200253Ia 4500
003 OSt
005 20220924130948.0
006 a|||||r|||| 00| 0
007 ta
008 220923b |||||||| |||| 00| 0 hin d
024 _a58800
037 _cTextual
040 _aARTS
_cARTS
_bhin
041 _2hin
_ahin
082 _aQ127:4x2,1, 152M4 (P15)
100 _aParaskara
245 0 _aGrihya sutram with Hindi tr by Haridatta Sastri
250 _a2nd
260 _aVaranasi
_bBharatiya Vidya Prak
_c1984
300 _a302p.
_ccm.
650 _aRELIGION
942 _hQ127:4x2,1, 152M4 (P15)
_cTEXL
_2CC
999 _c425781
_d425781